Fundamentos de cardiología / (Record no. 115962)

MARC details
000 -LEADER
campo de control de longitud fija 00757nam a2200217 4500
001 - NÚMERO DE CONTROL
campo de control 115962
003 - IDENTIFICADOR DE NÚMERO DE CONTROL
campo de control ES-MaACL
005 - FECHA Y HORA DE LA ÚLTIMA TRANSACCIÓN
campo de control 20250810185110.0
007 - CAMPO FIJO DE DESCRIPCIÓN FÍSICA--INFORMACIÓN GENERAL
campo de control de longitud fija t|
008 - DATOS DE LONGITUD FIJA--INFORMACIÓN GENERAL
campo de control de longitud fija 061121s1968 sp r ||||1| spa d
100 1# - ENTRADA PRINCIPAL--NOMBRE DE PERSONA
Nombre de persona Owen, S. G.
9 (RLIN) 88030
245 10 - MENCIÓN DEL TÍTULO
Título Fundamentos de cardiología /
Mención de responsabilidad, etc. S. G. Owen y J. Wallance-Owen ; versión A. Bayés de Luna y Dr. C. Gausi Gené ; prólogo Dr. M. Torner Soler.
260 ## - PUBLICACIÓN, DISTRIBUCIÓN, ETC.
Lugar de publicación, distribución, etc. Barcelona [etc.] :
Nombre del editor, distribuidor, etc. ed. Científico-Médica,
Fecha de publicación, distribución, etc. 1968.
300 ## - DESCRIPCIÓN FÍSICA
Extensión XXIII, 332 p. :
Otras características físicas il. ;
Dimensiones 22 cm.
700 1# - ENTRADA AGREGADA--NOMBRE PERSONAL
Nombre de persona Wallance-Owen, J.
9 (RLIN) 115958
700 1# - ENTRADA AGREGADA--NOMBRE PERSONAL
Nombre de persona Bayés de Luna, A.,
Fechas asociadas al nombre 1936-
9 (RLIN) 26662
700 1# - ENTRADA AGREGADA--NOMBRE PERSONAL
Nombre de persona Gausi Gené, C.
9 (RLIN) 203591
700 1# - ENTRADA AGREGADA--NOMBRE PERSONAL
Nombre de persona Torner Soler, M.
9 (RLIN) 110668
852 ## - LOCALIZACIÓN
Ubicación ES-MaACL
Número de control de estantería C-35219
Sublocalización o colección R.67928
Holdings
Estatus retirado Estado de pérdida Estado de daño No para préstamo Biblioteca de origen Biblioteca actual Ubicación en estantería Fecha de adquisición Fuente de adquisición Total de préstamos Signatura topográfica completa Código de barras Visto por última vez Precio de reemplazo Tipo de ítem Koha
        Biblioteca del Ateneo de Madrid Biblioteca del Ateneo de Madrid Depósito 2 17/01/2008     C-35219 1120926 23/02/2023 23/02/2023 Libro impreso